| 000 | 01021nam a22001697a 4500 | ||
|---|---|---|---|
| 999 |
_c63447 _d63447 |
||
| 003 | Ge_BSU | ||
| 005 | 20251010173915.0 | ||
| 008 | 251010s1987 ge ||||| |||| 00| 0 geo d | ||
| 041 | _ageo | ||
| 080 | _a338(479.223) ა–97 | ||
| 245 |
_aაჭარის სოციალურ-ეკონომიკური პრობლემები : _bVIII / _cრედ. კ. ღლონტი; საქართველოს სსრ მეცნიერებათა აკადემია. ბათუმის ნ. ბერძენიშვილის სახელობის სამეცნიერო-კვლევითი ინსტიტუტი. |
||
| 264 |
_aბათუმი : _bსაბჭოთა აჭარა, _c1987. |
||
| 300 |
_a213 გვ. ; _b20 სმ. |
||
| 653 | _a ადგილობრივი მეურნეობის განვითარება | ||
| 700 |
_aღლონტი, ლ. _eრედაქტორი _926010 |
||
| 942 |
_2udc _cBK |
||